000 00289nam a22001337a 4500
008 170210b xxu||||| |||| 00| 0 eng d
020 _a9780323088947
041 _aeng
080 _a61
100 _a4
101 _ashm
245 _aYOUR BOOK SPORTS MEDICINE
_cSHEPHARD
942 _2udc
_cBK
999 _c5123
_d5123